[Event "Nizhnij Novgorod Juniors"]
[Site "Nizhnij Novgorod"]
[Date "2011.08.22"]
[Round "?"]
[White "Agishev, Ruslan"]
[Black "Gorishniy, Yuri"]
[Result "1/2-1/2"]
[WhiteElo "1968"]
[BlackElo "2101"]
[PlyCount "95"]
[EventDate "2011.08.22"]
[EventType "swiss"]
[EventRounds "9"]
[EventCountry "RUS"]
[SourceTitle "EXT 2022"]
[Source "ChessBase"]
[SourceDate "2021.10.06"]
[SourceVersion "1"]
[SourceVersionDate "2021.10.06"]
[SourceQuality "1"]

1. e4 c5 2. Nf3 d6 3. d4 cxd4 4. Nxd4 Nf6 5. Nc3 a6 6. Bg5 e6 7. Qd2 b5 8. f3 Bb7 9. 0-0-0 Nbd7 10. g4 Rc8 11. Qe3 b4 12. Nce2 Qc7 13. Rd2 d5 14. Bxf6 Nxf6 15. e5 Nd7 16. f4 g5 17. f5 Qxe5 18. Qxe5 Nxe5 19. fxe6 fxe6 20. h4 Kd7 21. hxg5 Ng6 22. Ng3 Be7 23. Rf2 Bxg5+ 24. Kd1 Rcf8 25. Rxf8 Nxf8 26. Bd3 Bf6 27. c3 bxc3 28. bxc3 Rg8 29. Nh5 Be5 30. Rf1 Ke7 31. Be2 Nd7 32. Kc2 Nf6 33. Rb1 Bc8 34. Nc6+ Kd6 35. Nxe5 Nxh5 36. Nf7+ Ke7 37. Nh6 Rg6 38. gxh5 Rxh6 39. Rb8 Bd7 40. Rb6 Be8 41. Rxa6 Bxh5 42. Ra7+ Kd6 43. Bb5 Kc5 44. a4 e5 45. Re7 e4 46. Re5 Kd6 47. Rg5 Bg6 48. Kd2 1/2-1/2

[Event "Nizhnij Novgorod Dubinin Memorial 18th"]
[Site "Nizhnij Novgorod"]
[Date "2011.01.03"]
[Round "?"]
[White "Agishev, Ruslan"]
[Black "Bojarinov, Victor A"]
[Result "0-1"]
[WhiteElo "1953"]
[BlackElo "2301"]
[PlyCount "30"]
[EventDate "2011.01.03"]
[EventType "swiss"]
[EventRounds "9"]
[EventCountry "RUS"]
[SourceTitle "EXT 2012"]
[Source "ChessBase"]
[SourceDate "2011.11.24"]
[SourceVersion "1"]
[SourceVersionDate "2011.11.24"]
[SourceQuality "1"]

1. e4 c6 2. d4 d5 3. Nc3 dxe4 4. Nxe4 Nf6 5. Nxf6+ exf6 6. Nf3 Bg4 7. Be2 Bd6 8. Be3 0-0 9. 0-0 Re8 10. Re1 f5 11. Ne5 Bxe2 12. Rxe2 Qe7 13. Qd2 Nd7 14. Rae1 Bxe5 15. dxe5 Nf8 0-1

[Event "Nizhnij Novgorod Dubinin Memorial 18th"]
[Site "Nizhnij Novgorod"]
[Date "2011.01.03"]
[Round "?"]
[White "Agishev, Ruslan"]
[Black "Gorozhanin, Mikhail"]
[Result "0-1"]
[WhiteElo "1953"]
[BlackElo "2163"]
[PlyCount "30"]
[EventDate "2011.01.03"]
[EventType "swiss"]
[EventRounds "9"]
[EventCountry "RUS"]
[SourceTitle "EXT 2012"]
[Source "ChessBase"]
[SourceDate "2011.11.24"]
[SourceVersion "1"]
[SourceVersionDate "2011.11.24"]
[SourceQuality "1"]

1. e4 c6 2. d4 d5 3. Nc3 dxe4 4. Nxe4 Bf5 5. Ng3 Bg6 6. h4 h6 7. Nf3 Nf6 8. h5 Bh7 9. Bd3 Bxd3 10. Qxd3 e6 11. Bd2 c5 12. 0-0-0 Nc6 13. Bc3 Qd5 14. dxc5 Qxd3 15. Rxd3 Bxc5 0-1

[Event "Nizhnij Novgorod Dubinin Memorial 18th"]
[Site "Nizhnij Novgorod"]
[Date "2011.01.03"]
[Round "?"]
[White "Yezerskaja, Anastasija"]
[Black "Agishev, Ruslan"]
[Result "1/2-1/2"]
[WhiteElo "1488"]
[BlackElo "1953"]
[PlyCount "33"]
[EventDate "2011.01.03"]
[EventType "swiss"]
[EventRounds "9"]
[EventCountry "RUS"]
[SourceTitle "EXT 2012"]
[Source "ChessBase"]
[SourceDate "2011.11.24"]
[SourceVersion "1"]
[SourceVersionDate "2011.11.24"]
[SourceQuality "1"]

1. e4 d5 2. exd5 Nf6 3. d4 Nxd5 4. Nf3 Bg4 5. Be2 e6 6. 0-0 Be7 7. Nbd2 0-0 8. Nb3 Nc6 9. a3 Bd6 10. c4 Nf4 11. Bd2 Qf6 12. Be3 Rad8 13. Qc2 Qh6 14. h4 Nxe2+ 15. Qxe2 Bxf3 16. Qxf3 Qxh4 17. g3 1/2-1/2

[Event "Nizhnij Novgorod Dubinin Memorial 16th"]
[Site "Nizhnij Novgorod"]
[Date "2009.01.10"]
[Round "8"]
[White "Obrezchikov, Mikhail"]
[Black "Agishev, Ruslan"]
[Result "1/2-1/2"]
[WhiteElo "1983"]
[BlackElo "1911"]
[PlyCount "28"]
[EventDate "2009.01.03"]
[EventType "swiss"]
[EventRounds "9"]
[EventCountry "RUS"]
[SourceTitle "EXT 2010"]
[Source "ChessBase"]
[SourceDate "2010.11.25"]
[SourceVersion "1"]
[SourceVersionDate "2010.11.25"]
[SourceQuality "1"]

1. d4 c5 2. d5 e5 3. e4 d6 4. Nf3 Nf6 5. Nbd2 Be7 6. Be2 0-0 7. 0-0 Bd7 8. Ne1 Qe8 9. h3 Bc8 10. b3 a6 11. a4 b6 12. Bb2 Nbd7 13. f4 exf4 14. Rxf4 Ne5 1/2-1/2

[Event "RUS-chT Clubs U18"]
[Site "Rybinsk"]
[Date "2008.08.08"]
[Round "7"]
[White "Agishev, Ruslan"]
[Black "Polonsky, Pavel"]
[Result "0-1"]
[WhiteElo "1849"]
[BlackElo "2103"]
[PlyCount "72"]
[EventDate "2008.08.02"]
[EventType "team"]
[EventRounds "9"]
[EventCountry "RUS"]
[SourceTitle "CBM 125 Extra"]
[Source "ChessBase"]
[SourceDate "2008.09.01"]
[SourceVersion "1"]
[SourceVersionDate "2008.09.01"]
[SourceQuality "1"]

1. e4 c5 2. Nf3 Nc6 3. d4 cxd4 4. Nxd4 Nf6 5. Nc3 e5 6. Ndb5 d6 7. Nd5 Nxd5 8. exd5 Nb8 9. c4 Be7 10. Be3 a6 11. Nc3 0-0 12. f3 f5 13. Be2 Bh4+ 14. g3 Bf6 15. Rc1 Nd7 16. 0-0 f4 17. Bf2 Bg5 18. Rc2 b6 19. Ne4 Nc5 20. Nxg5 Qxg5 21. b4 fxg3 22. hxg3 Nd7 23. Qd2 Qg6 24. Kg2 Nf6 25. Rh1 Bf5 26. Rc3 e4 27. f4 Rac8 28. Qd1 e3 29. Rxe3 Be4+ 30. Bf3 Rxc4 31. Bxe4 Rxe4 32. Rf3 Rxb4 33. Qd2 Re4 34. Bxb6 Rfe8 35. Re3 Rxe3 36. Bxe3 Qe4+ 0-1

[Event "RUS-chT Clubs U18"]
[Site "Rybinsk"]
[Date "2008.08.02"]
[Round "1.39"]
[White "Agishev, Ruslan"]
[Black "Donskov, Anatoly"]
[Result "0-1"]
[WhiteElo "1849"]
[BlackElo "2092"]
[PlyCount "76"]
[EventDate "2008.08.02"]
[EventType "team"]
[EventRounds "9"]
[EventCountry "RUS"]
[SourceTitle "EXT 2020"]
[Source "ChessBase"]
[SourceDate "2019.10.17"]
[SourceVersion "1"]
[SourceVersionDate "2019.10.17"]
[SourceQuality "1"]

1. e4 e6 2. d4 d5 3. e5 c5 4. c3 Nc6 5. Nf3 Qb6 6. a3 cxd4 7. cxd4 Bd7 8. Be2 Nge7 9. b4 Nf5 10. Bb2 Be7 11. 0-0 0-0 12. Bd3 Rac8 13. Bxf5 exf5 14. Nc3 Be6 15. Rc1 g5 16. Na4 Qd8 17. Nc5 b6 18. Nd3 Kh8 19. Nfe1 Rg8 20. f4 g4 21. g3 Rg6 22. Kf2 h5 23. Ng2 h4 24. Rh1 Kg7 25. Ne3 Qd7 26. Qg1 Rh8 27. Qg2 Rgh6 28. Ke2 Bd8 29. Rcg1 Ne7 30. h3 hxg3 31. hxg4 Rh2 32. Rxh2 Rxh2 33. gxf5 Rxg2+ 34. Rxg2 Nxf5 35. Nxf5+ Bxf5 36. Rxg3+ Kf8 37. Bc3 Bxd3+ 38. Kxd3 Qf5+ 0-1

[Event "Nizhnij Novgorod Voroniatov Memor 5th"]
[Site "Nizhnij Novgorod"]
[Date "2008.06.14"]
[Round "?"]
[White "Agishev, Ruslan"]
[Black "Jevtushenko, VV."]
[Result "1-0"]
[WhiteElo "1841"]
[BlackElo "2020"]
[PlyCount "47"]
[EventDate "2008.06.14"]
[EventType "swiss"]
[EventRounds "9"]
[EventCountry "RUS"]
[SourceTitle "EXT 2022"]
[Source "ChessBase"]
[SourceDate "2021.10.06"]
[SourceVersion "1"]
[SourceVersionDate "2021.10.06"]
[SourceQuality "1"]

1. e4 b6 2. d4 Bb7 3. Bd3 e6 4. f3 c5 5. Be3 cxd4 6. Bxd4 Nc6 7. Be3 Nf6 8. Ne2 d5 9. Nd2 Bb4 10. c3 Be7 11. Nd4 0-0 12. 0-0 Ne5 13. Bc2 Ba6 14. Rf2 Bd3 15. Nc6 Nxc6 16. Bxd3 a6 17. Qe2 a5 18. Bb5 Rc8 19. Ba6 Rb8 20. Bb5 d4 21. cxd4 Nxd4 22. Qc4 Bc5 23. Nf1 Qe7 24. Bxd4 1-0

[Event "Nizhnij Novgorod Voroniatov Memor 5th"]
[Site "Nizhnij Novgorod"]
[Date "2008.06.14"]
[Round "?"]
[White "Agishev, Ruslan"]
[Black "Leukhin, Pavel"]
[Result "1-0"]
[WhiteElo "1841"]
[BlackElo "2046"]
[PlyCount "25"]
[EventDate "2008.06.14"]
[EventType "swiss"]
[EventRounds "9"]
[EventCountry "RUS"]
[SourceTitle "EXT 2022"]
[Source "ChessBase"]
[SourceDate "2021.10.06"]
[SourceVersion "1"]
[SourceVersionDate "2021.10.06"]
[SourceQuality "1"]

1. e4 e5 2. Nf3 Nc6 3. Nc3 Bc5 4. Nxe5 Bxf2+ 5. Kxf2 Nxe5 6. d4 Ng6 7. Qf3 c6 8. Bc4 d5 9. Bb3 N8e7 10. Rf1 0-0 11. Kg1 dxe4 12. Qxe4 Bf5 13. Rxf5 1-0

[Event "Nizhnij Novgorod Voroniatov Memor 5th"]
[Site "Nizhnij Novgorod"]
[Date "2008.06.14"]
[Round "?"]
[White "Agishev, Ruslan"]
[Black "Rakov, Mikhail"]
[Result "0-1"]
[WhiteElo "1841"]
[BlackElo "1912"]
[PlyCount "62"]
[EventDate "2008.06.14"]
[EventType "swiss"]
[EventRounds "9"]
[EventCountry "RUS"]
[SourceTitle "EXT 2022"]
[Source "ChessBase"]
[SourceDate "2021.10.06"]
[SourceVersion "1"]
[SourceVersionDate "2021.10.06"]
[SourceQuality "1"]

1. e4 c6 2. d4 d5 3. Nc3 dxe4 4. Nxe4 Nf6 5. Ng3 Bg4 6. Be2 Bxe2 7. N1xe2 e6 8. 0-0 c5 9. c3 Nc6 10. Qb3 Qb6 11. Qxb6 axb6 12. Be3 Be7 13. f3 0-0 14. Rfd1 c4 15. Ne4 Nd5 16. Bg5 f6 17. Bc1 Kf7 18. Kf2 b5 19. Bf4 Rfd8 20. Nd2 g5 21. Bg3 f5 22. f4 g4 23. Nf1 b4 24. Kg1 b5 25. Be1 bxc3 26. bxc3 Ra3 27. Rdb1 b4 28. cxb4 Ncxb4 29. Rc1 Nd3 30. Rxc4 Nxe1 31. Rxe1 Rxa2 0-1

[Event "Nizhnij Novgorod Voroniatov Memor 5th"]
[Site "Nizhnij Novgorod"]
[Date "2008.06.14"]
[Round "?"]
[White "Ryabov, Alexander"]
[Black "Agishev, Ruslan"]
[Result "0-1"]
[WhiteElo "1943"]
[BlackElo "1923"]
[PlyCount "64"]
[EventDate "2008.06.14"]
[EventType "swiss"]
[EventRounds "9"]
[EventCountry "RUS"]
[SourceTitle "EXT 2022"]
[Source "ChessBase"]
[SourceDate "2021.10.06"]
[SourceVersion "1"]
[SourceVersionDate "2021.10.06"]
[SourceQuality "1"]

1. e4 Nf6 2. e5 Nd5 3. d4 d6 4. Nf3 Bg4 5. Be2 e6 6. 0-0 Be7 7. c4 Nb6 8. b3 0-0 9. Qc2 Nc6 10. exd6 cxd6 11. Be3 Bf6 12. Rd1 Rc8 13. a3 Nd7 14. Nc3 Kh8 15. Rac1 Ne7 16. h3 Bf5 17. Qd2 Bg6 18. g4 Ng8 19. Nb5 d5 20. Nxa7 Ra8 21. Nb5 Be7 22. c5 f5 23. Ng5 Bf7 24. Kg2 h6 25. Nxf7+ Rxf7 26. gxf5 Rxf5 27. Rg1 Ndf6 28. Bg4 Ne4 29. Qd3 Qf8 30. f3 Ng5 31. Bxf5 exf5 32. Bf4 Ne6 0-1

[Event "RUS-chT Clubs U18"]
[Site "Rybinsk"]
[Date "2007.08.09"]
[Round "8.38"]
[White "Tuzinskiy, Denis Vasilievich"]
[Black "Agishev, Ruslan"]
[Result "1-0"]
[WhiteElo "2178"]
[BlackElo "1855"]
[PlyCount "51"]
[EventDate "2007.08.02"]
[EventType "team-swiss"]
[EventRounds "9"]
[EventCountry "RUS"]
[SourceTitle "EXT 2022"]
[Source "ChessBase"]
[SourceDate "2021.10.06"]
[SourceVersion "1"]
[SourceVersionDate "2021.10.06"]
[SourceQuality "1"]

1. e4 Nf6 2. e5 Nd5 3. d4 d6 4. Nf3 Bg4 5. Be2 e6 6. c4 Nb6 7. exd6 cxd6 8. 0-0 Be7 9. Nc3 0-0 10. h3 Bh5 11. Re1 d5 12. c5 Nc8 13. b4 Bf6 14. Be3 Bxf3 15. Bxf3 b6 16. Rc1 a5 17. b5 bxc5 18. dxc5 Nd7 19. Na4 Qc7 20. Qb3 Rb8 21. Be2 Bd8 22. b6 Qe5 23. Ba6 Ne7 24. c6 Nf6 25. Bc5 Qf5 26. Bxe7 1-0

[Event "RUS-chT Clubs U18"]
[Site "Rybinsk"]
[Date "2007.08.02"]
[Round "1.31"]
[White "Yudin, Ivan"]
[Black "Agishev, Ruslan"]
[Result "0-1"]
[WhiteElo "2166"]
[BlackElo "1855"]
[PlyCount "90"]
[EventDate "2007.08.02"]
[EventType "team-swiss"]
[EventRounds "9"]
[EventCountry "RUS"]
[SourceTitle "EXT 2022"]
[Source "ChessBase"]
[SourceDate "2021.10.06"]
[SourceVersion "1"]
[SourceVersionDate "2021.10.06"]
[SourceQuality "1"]

1. d4 c5 2. d5 d6 3. c4 Bf5 4. Nc3 Nf6 5. f3 e5 6. e4 Bg6 7. Be3 Be7 8. Qd2 Nbd7 9. 0-0-0 Qa5 10. g4 h6 11. h4 0-0-0 12. Bd3 Nb6 13. Qc2 Kb8 14. Kb1 h5 15. g5 Nfd7 16. Nb5 Qa6 17. Ne2 Nc8 18. Nc1 Rdf8 19. f4 exf4 20. Bxf4 Ne5 21. Nb3 b6 22. Bxe5 dxe5 23. Qh2 f6 24. Rhg1 Rhg8 25. gxf6 gxf6 26. Qh3 Qb7 27. Bc2 a6 28. d6 axb5 29. dxe7 Qxe7 30. Rd7 Qe8 31. Rgd1 bxc4 32. Nd2 Bf7 33. Ba4 Be6 34. Bc6 Qxd7 35. Bxd7 Bxh3 36. Bxh3 Rd8 37. Be6 Rg2 38. Kc1 b5 39. a4 bxa4 40. Bxc4 Rd4 41. Bf7 Rh2 42. Bxh5 Rxh4 43. Bg6 Nd6 44. Rf1 Rf4 45. Rh1 Rf2 0-1

[Event "Nizhnij Novgorod Voroniatov Memor 4th"]
[Site "Nizhnij Novgorod"]
[Date "2007.06.11"]
[Round "?"]
[White "Agishev, Ruslan"]
[Black "Marsak, Viktor D"]
[Result "0-1"]
[WhiteElo "1855"]
[BlackElo "2100"]
[PlyCount "50"]
[EventDate "2007.06.11"]
[EventType "swiss"]
[EventRounds "9"]
[EventCountry "RUS"]
[SourceTitle "EXT 2022"]
[Source "ChessBase"]
[SourceDate "2021.10.06"]
[SourceVersion "1"]
[SourceVersionDate "2021.10.06"]
[SourceQuality "1"]

1. e4 c5 2. Nf3 Nc6 3. d4 cxd4 4. Nxd4 Nf6 5. Nc3 g6 6. f3 Bg7 7. Be3 0-0 8. g4 Qb6 9. Na4 Qa5+ 10. c3 d6 11. b4 Qd8 12. Qd2 d5 13. exd5 Nxd5 14. Nxc6 bxc6 15. Rd1 Qc7 16. Bd4 e5 17. Bc5 Re8 18. Bd3 e4 19. fxe4 Bxg4 20. 0-0 Bxd1 21. Rxd1 Nf4 22. Bc4 Be5 23. Bd6 Qd7 24. Nc5 Qg4+ 25. Kh1 Qf3+ 0-1

[Event "Nizhnij Novgorod Voroniatov Memor 4th"]
[Site "Nizhnij Novgorod"]
[Date "2007.06.11"]
[Round "?"]
[White "Agishev, Ruslan"]
[Black "Varfalomeev, Yan"]
[Result "1-0"]
[WhiteElo "1855"]
[BlackElo "1718"]
[PlyCount "49"]
[EventDate "2007.06.11"]
[EventType "swiss"]
[EventRounds "9"]
[EventCountry "RUS"]
[SourceTitle "EXT 2022"]
[Source "ChessBase"]
[SourceDate "2021.10.06"]
[SourceVersion "1"]
[SourceVersionDate "2021.10.06"]
[SourceQuality "1"]

1. e4 e5 2. Nf3 Nc6 3. Nc3 Nf6 4. d4 exd4 5. Nxd4 Bc5 6. Be3 Bb6 7. Bc4 d6 8. f3 0-0 9. Qd2 Re8 10. 0-0-0 Be6 11. Bb5 Qd7 12. Nxe6 fxe6 13. Bxb6 axb6 14. e5 Nd5 15. Nxd5 exd5 16. Qxd5+ Kh8 17. exd6 cxd6 18. a3 Rad8 19. Rhe1 Rxe1 20. Rxe1 Qc7 21. Bxc6 bxc6 22. Qg5 Rg8 23. Qe7 Qb8 24. Re6 d5 25. Qd6 1-0

[Event "Nizhnij Novgorod Voroniatov Memor 4th"]
[Site "Nizhnij Novgorod"]
[Date "2007.06.11"]
[Round "?"]
[White "Lokshin, Grigory"]
[Black "Agishev, Ruslan"]
[Result "1-0"]
[WhiteElo "1921"]
[BlackElo "1855"]
[PlyCount "49"]
[EventDate "2007.06.11"]
[EventType "swiss"]
[EventRounds "9"]
[EventCountry "RUS"]
[SourceTitle "EXT 2022"]
[Source "ChessBase"]
[SourceDate "2021.10.06"]
[SourceVersion "1"]
[SourceVersionDate "2021.10.06"]
[SourceQuality "1"]

1. d4 c5 2. c3 d5 3. Bf4 Bf5 4. e3 e6 5. Bd3 Bxd3 6. Qxd3 Qb6 7. Nd2 Nc6 8. dxc5 Bxc5 9. b4 Be7 10. Ngf3 Bf6 11. Nd4 Nge7 12. Nxc6 Nxc6 13. Rc1 Rc8 14. 0-0 0-0 15. a4 a5 16. b5 Ne5 17. Bxe5 Bxe5 18. c4 Qd6 19. f4 dxc4 20. Qxd6 Bxd6 21. Nxc4 Bc5 22. Rfd1 Rfd8 23. Kf2 b6 24. Ne5 Kf8 25. Nc6 1-0